000 00549nam a2200145Ia 4500
008 140724s9999 xx 000 0 und d
050 _aHF 5549
_b.B826 2007
100 _aBravo, Gian Carlo.
245 4 _aThe comparative study and effectiveness of selected recruitment agencies from direct hiring companies in Parañaque /
_cGian Carlo V. Bravo.
260 _aLas Piñas, Philippines :
_bSouthville International School and Colleges,
_cc2007.
300 _a49 p. :
_c28 cm.
521 _aHuman Resource Management
942 _cTH
999 _c229060
_d229060